000 00676nam a2200241Ia 4500
003 OSt
005 20220924131657.0
006 a|||||r|||| 00| 0
007 ta
008 220923b |||||||| |||| 00| 0 san d
024 _a74421
037 _cTextual
040 _aARTS
_cARTS
_bsan
041 _2san
_asan
082 _aR25x3,1, 15L3
100 _aUdayacarya
_9202586
245 0 _aNyayakusumanjali ed with Hindi tr by Durgadhara Jha
260 _aVaranasi
_bSanskrit Vishvavidyalaya
_c1973
300 _a838p.
_ccm.
490 _aGanganayth teh granthmala; 6
942 _hR25x3,1, 15L3
_cTEXL
_2CC
999 _c427819
_d427819